000 00608nam a2200241Ia 4500
003 OSt
005 20220918184958.0
006 a|||||r|||| 00| 0
007 ta
008 220917b |||||||| |||| 00| 0 eng d
024 _a49,091
037 _cTextual
040 _aARTS
_cARTS
_beng
041 _2eng
_aeng
082 _aP:4, L3
100 _aSgall Peter
245 0 _aTopic, focus and generative semantics
260 _aKronberg
_bScriptor Verlag
_c1973
300 _a327p.
_ccm.
650 _aLINGUISTICS
942 _hP:4, L3
_cTEXL
_2CC
999 _c178717
_d178717